Quizzes
Events
Quiz Creation
Community
Videos
Private Events
Remove Ads
Sign In
Join for FREE
Feedback
Dark Mode
Quiz Categories
Sports
Geography
Music
Movies
Television
Just For Fun
Miscellaneous
History
Literature
Language
Science
Gaming
Entertainment
Religion
Holiday
For Kids
Quiz Lab
Recent
Popular Today
Quiz Kudos Today
Editor Picks
Curator Picks
Quizzes by...
Day
Popularity
Type
Ratings
Length
Year
Community
Subscriptions
Recent Discussions
Orange Saloon
Badges
Playlists
Quests
Create
Leaderboards
Showdown
Live 5
Trivia Bingo
Activity
Puzzle Library
Sporcle Events
Private Events
Virtual Trivia
Globe League
Become a Host
Pub Owners
SporcleCon
Opinionation
Our Games
Videos
Blog
Mobile Apps
Partnerships
Remove Ads and Go Orange
Feedback
Movies
Disney
Marvel Cinematic Universe
Movie Resume
Movie Titles
Oscar
Actor
Actress
Director
Pixar
Role
Movie Quotes
Movie Characters
Box Office
Nominee
Best Picture
Star Wars
James Bond
Horror Movies
Movies
Disney
Marvel Cinematic Universe
Movie Resume
Movie Titles
Oscar
Actor
Actress
Director
Pixar
Role
Movie Quotes
Movie Characters
Box Office
Nominee
Best Picture
Star Wars
James Bond
Horror Movies
Random Quiz
Search Sporcle
×
Quiz Lab
Quiz Lab
Movies
Steven Spielberg
Type in answers that appear in a list
Type in answers that appear in a list
Classic
Best Score? Go Orange.
Spielberg on Rotten Tomatoes Stats
Can you name the Spielberg on Rotten Tomatoes?
By
gwiggum
8m
20 Questions
81 Plays
81 Plays
81 Plays
Comments
Comments
Give Quiz Kudos
Give Quiz Kudos
-
- Ratings
hide this ad
Forced Order
Answers have to be entered in order
Answers have to be entered in order
Random Order
Randomize order of answers
Randomize order of answers
Replay
Link that replays current quiz
Next Quiz
Link to next quiz in quiz playlist
You Got
0%
They Got
Avg Score
73%
Avg Friend Score
Upgrade to see
Score Distribution
Jump to the score distribution portion of the page
Score
0/20
Timer
08:00
0
Plays Today
Consensus
Film
% Correct
Anchored by another winning performance by Hanks, Spielberg's unflinchingly realistic war film virtually redefines the genre.
Saving Private Ryan
96.3%
Playing as both an exciting sci-
fi adventure and a remarkable portrait of childhood, Steven Spielberg's touching tale of a homesick alien remains a piece of movie magic for young a
E.T The Extra-Terrestrial
93.8%
_
_
_
_
_
_
_
_
_
_
blends the abject horror of the Holocaust with Steven Spielberg's tender humanism to create the director's dramatic masterpiece.
Schindler's List
93.8%
_
_
_
_
_
_
_
_
_
_
_
most iconic bits (the theme, the mashed potato sculpture , etc.) have been so thoroughly absorbed into the culture that it's easy to forget that its treatment of aliens
Close Encounters of the Third Kind
88.9%
Lighter and more comedic than its predecessor, _
_
_
_
_
_
_
_
_
_
returns the series to the brisk serial adventure of Raiders, while adding a dynamite double act between Harrison Ford and
Indiana Jones and the Last Crusade
88.9%
Steven Spielberg turns in another hit, with help from a strong performance by Leonardo DiCaprio, in this stylish, breezily entertaining, and surprisingly sweet tale of real-
life wu
Catch Me If You Can
88.9%
Steven Spielberg's adaption of _
_
_
_
_
_
_
_
delivers on the thrill and paranoia of H.G Wells' classic novel while impressively updating the action and effects for modern audiences.
War of the Worlds
88.9%
Compelling, well-
crafted storytelling and a judicious sense of terror ensure Steven Spielberg's _
_
_
_
has remained a benchmark in the art of delivering modern blockbuster thrills.
Jaws
85.2%
Steven Spielberg's examination of the Israeli-
Palestinian conflict in the aftermath of the _
_
_
_
_
assassinations is politically even-
handed and cinematically visceral.
Munich
82.7%
Though the plot elements are certainly familiar, _
_
_
_
_
_
_
still delivers the thrills and Harrison Ford's return to the title role is more than welcome.
Indiana Jones and the Kingdom of the Crystal Skull
82.7%
Consensus
Film
% Correct
Featuring bravura set pieces, sly humor, and white-
knuckle action, _
_
_
_
_
_
_
is one of the most consummately entertaining adventure pieces of all time.
Raiders of the Lost Ark
75.3%
_
_
_
_
_
_
_
_
is a spectacle of special effects and life-
like animatronics, with some of Spielberg's best sequences of sustained awe and sheer terror since Jaws.
Jurassic Park
74.1%
A curious, not always seamless, amalgamation of Kubrick's chilling bleakness and Spielberg's warm-
hearted optimism ,_
_
_
is, in a word, fascinating.
A.I. Artificial Intelligence
72.8%
Tom Hanks and the rest of the amiable cast make this bumpy ride worth sitting through.
The Terminal
67.9%
A sentimental tale that reveals great emotional truths in American history.
The Color Purple
60.5%
It may be too 'dark' for some, but _
_
_
_
_
_
remains an ingenious adventure spectacle that showcases one of Hollywood's finest filmmaking teams in vintage form.
Indiana Jones and the Temple of Doom
59.3%
An intelligent and visually imaginative film that ranks among Spielberg's best.
Minority Report
49.4%
Technically superb, proudly sentimental and unabashedly old-
fashioned, _
_
_
_
_
_
is an emotional drama that tugs the heartstrings with Spielberg's customary flair.
War Horse
46.9%
Drawing deep from the classic Raiders of the Lost Ark playbook, Steven Spielberg has crafted another spirited, thrilling adventure in the form of _
_
_
_
.
The Adventures of Tintin
45.7%
The look of _
_
_
_
_
_
is lively indeed but Steven Spielberg directs on autopilot here, giving in too quickly to his sentimental, syrupy qualities.
Hook
37%
Quiz Playlist
Details
Report
Send in Message
Add To Playlist
Classic:
Type in answers that appear in a list
Forced Order:
Answers have to be entered in order
Random Order:
Randomize order of answers
Quiz Source
Last Updated: Feb 16, 2017
Quiz Scoreboard
CHALLENGE
Sign Up to Join the Scoreboard
Show All
Scores
Hide
Comments
May contain spoilers
Recently Published
9x9 Crossword: Cartoon Network
by jackfrog10
Miscellaneous
3m
College Basketball Coaching Resumes
by pancakes188
Sports
9m
Billboard Blitz: Fleetwood Mac
by CooCooCachoo
Music
15s
More to Explore
Quiz From the Vault
Featured Blog Post
Where Did the Easter Bunny Come From?
hide this ad
You Might Also Like...
Tags
consensus
rotten
Rotten Tomatoes
Steven Spielberg
tomato
Today's Top Quizzes in Movies
Browse Movies
hide this ad
Today's Top Quizzes in Steven Spielberg
Browse Steven Spielberg
Top Contributed Quizzes in Movies
1
Pick 5 Posters: Directed by Spielberg
2
7-to-1: Pixar Characters
3
Pick 5 Posters: Lowest-Rated Spielberg
4
Sorting Actors
5
Sorting Actresses
6
Pick 5 Posters: Directed by Scorsese
7
Pick 5 Posters: Star & Director
8
Pick 5 Posters: Women Directed 2020s
9
12 Movies about Fictional 1960s Events
10
Multi-Oscar Nominations, One Movie, One Winner
Explore More
Trending Topics
Harry Potter
Kpop
Marvel
Crossword
Disney
Anime
NBA
Pokémon
The Office
Song
Puzzle
Country
Soccer
WWE
NFL
hide this ad
More By:
gwiggum
Quiz
Plays
Rating
Category
Featured
Created
Triple Hit Wonders
28,446
4.30
Music
Aug 2, 2013
Most White Americans (US cities)
521
3.88
Geography
Mar 7, 2012
Cities with lowest percentage of white americans
418
3.56
Geography
Mar 7, 2012
AP Top 10 since 2000
318
4.60
Sports
Jan 27, 2015
World War Movies
278
2.50
Movies
Jun 20, 2012
Go to Creator's Profile
Score Distribution
Quiz Creator Spotlight
gwiggum
Follow
Send a Message
Quizzes Created
-
Created Quiz Play Count
-
More By This Creator
Popular Quizzes Today
1
Find the US States - No Outlines Minefield
2
Find the Countries of Europe - No Outlines Minefield
3
The Countries of the World
4
Find the US States
5
Risky Map Clicking: Biggest States A-Z
6
US States
7
Popular People in 1961
8
Movies - When Are They Set?
More Movies Quizzes
Quick Pick: Ben Kingsley Movie Posters
Quiz Lab
Trending Quizzes
Risky Map Clicking: Least Populous States A-Z
1-10 Letter G Words
1-10 Letter F Words
Risky Map Clicking: Next State Alphabetically
Adjectives in 80s TV Shows
Recently Updated
Leaping Animals
pecheneg
Reality TV Shows (A-Z)
bhenderson79
Rickey Henderson's Hall of Fame Teammates
pecheneg
Champions League XIs: Arsenal
pecheneg
Quick Pick: Celebrities in WWE's Hall of Fame
aduchscher
A-Z Keypad Blitz II
pecheneg
Multiple Oscar Actors
pecheneg
Mystery Phrase Blitz: Oscar 'Best Actors'
pecheneg
F. Scott Fitzgerald Novels
LTH
Pick 3 Villains
ddd62291
Trending Topics
Kpop
Marvel
Harry Potter
Crossword
Anime
Disney
NBA
NFL
Soccer
The Office
Song
WWE
Puzzle
Pokémon
Country
Your Account Isn't Verified!
In order to create a playlist on Sporcle, you need to verify the email address you used during registration. Go to your
Sporcle Settings
to finish the process.
Report this User
Report this user for behavior that violates our
Community Guidelines
.
Details:
Send Report
Go to the Sporcle.com Mobile Site →
Comments